| 000 | 00568nam a22001697a 4500 | ||
|---|---|---|---|
| 020 | _qHard Cover. | ||
| 082 | _aBICSE-6 ANU | ||
| 100 | _aAnum Haroon. | ||
| 245 |
_aFace Detection and Classification _cHaroon, Anum |
||
| 260 |
_aIslamabad: _bSEECS-NUST, _c2012. |
||
| 300 |
_a66 p. : _bill. ; _c30cm. |
||
| 650 |
_aBachelor of Information Science and Computer Science. _955495 |
||
| 700 |
_aMuhammad Aamir Jelani. _955496 |
||
| 856 | _uhttp://10.250.8.41:8080/xmlui/handle/123456789/10299 | ||
| 942 |
_2ddc _cPR |
||
| 999 |
_c566340 _d566340 |
||